000 00745nam a2200181Ia 4500
999 _c64124
_d64124
005 20240530110716.0
008 140319s2012 ua a 000 0 ara d
040 _aGCL /
_cGCL
082 0 4 _221
_a296.12\
_bع د
100 0 _aعابدين تشينزلتس
245 1 0 _aدليل التلمود :
_bمصطلحات ومفاهيم اساسية /
_cتأليف عابدين تشينزلتس ؛ ترجمة وتعليق مصطفى عبدالمعبود سيد منصور .
250 _aط.1
260 _aالقاهرة :
_bمركز جامعة القاهرة للغات والترجمة
300 _a2 جزء ؛
_c24 سم.
490 0 _aمشروع جامعة القاهرة للترجمة
650 0 7 _2qrmak
_aالتلمود
942 _2ddc
_cBK